[Event "Kastoria op 1st"]
[Site "Kastoria"]
[Date "1996.07.17"]
[Round "1.8"]
[White "Kourkounakis, Ilias"]
[Black "Vlahopoulos, Hristos"]
[Result "1-0"]
[WhiteElo "2405"]
[BlackElo "1710"]
[PlyCount "73"]
[EventDate "1996.07.17"]
[EventType "swiss"]
[EventRounds "9"]
[EventCountry "GRE"]
[SourceTitle "EXT 2024"]
[Source "ChessBase"]
[SourceDate "2023.10.10"]
[SourceVersion "1"]
[SourceVersionDate "2023.10.10"]
[SourceQuality "1"]

1. c4 Nf6 2. Nc3 g6 3. e4 e5 4. Nf3 d6 5. d4 exd4 6. Nxd4 Bg7 7. Bd3 Nfd7 8. Bc2 0-0 9. 0-0 Ne5 10. b3 Nec6 11. Be3 Nxd4 12. Bxd4 Bxd4 13. Qxd4 Nc6 14. Qd2 Be6 15. Rad1 a6 16. f4 f5 17. Nd5 Ne7 18. Ne3 Qe8 19. Qc3 Qc6 20. exf5 gxf5 21. Rf3 Kf7 22. Rh3 Rh8 23. Rh6 Ng6 24. Bxf5 Bxf5 25. Nxf5 Qc5+ 26. Nd4 Rag8 27. b4 Qa7 28. c5 d5 29. Qh3 Re8 30. Qd7+ Re7 31. Qxd5+ Kf6 32. f5 Kg5 33. fxg6+ Kxh6 34. Nf5+ Kxg6 35. Nxe7+ Kh6 36. Qe6+ Kg7 37. Nf5+ 1-0